00720nam a2200217Ia 4500003000400000005001700004008004100021020001800062040000700080041000800087082001500095100003100110245005800141260004100199300001800240365001400258906006300272942001200335999001900347952013600366OSt20230417163010.0210423s2011 xx 000 0 und d a9781412944571 cAL aeng a302.2 TRED aTREADWELL (Donald).989517 aIntroducing communication research: paths of inquiry. aLos AngelesbSage Publicationsc2011 axviii,226bPB b2835cINR acommunication ; inquiry. ; Introducing ; paths ; research: 2ddccBK c159971d159971 001040708MAJMCaSACPGbSACPGd2011-09-12eKnowledge Worldg2835.00l0o302.2 TREDpPG006450r2022-08-24 00:00:00w2021-04-26yBK